000 00980nam a2200337Ia 4500
003 OSt
005 20220912144543.0
006 a|||||r|||| 00| 0
007 ta
008 220909b |||||||| |||| 00| 0 eng d
020 _a9788189131821 (hbk)
020 _aSL01562002
024 _a191188
037 _b1056, 21/07/2014, Research India Press
037 _cTextual
040 _aCSL
_beng
_cCSL
041 _aeng
082 _aY72.445, Q4
100 _aSingh Rupesh Kumar
245 0 _aTharu tribe and panchayati raj in north india
260 _aNew Delhi
_b Research India Press
_c2014
300 _axvii, 209p.
500 _aBibliography 197-206p.; Index 207-209p.
650 _a Methodology
650 _a Panchayati raj
650 _a Tharu tribe
650 _aAnthropology
700 _aSingh Rupesh Kumar
942 _hY72.445, Q4
_cTEXL
_2CC
999 _c11864
_d11864